History of the Ottoman Empire and Modern Turkey Vol.1 (Record no. 9647)

MARC details
000 -LEADER
fixed length control field 00694nam a2200253 a 4500
020 ## - INTERNATIONAL STANDARD BOOK NUMBER
ISBN 0521804
082 00 - DEWEY DECIMAL CLASSIFICATION NUMBER
Classification number 956.1
Author Cutter SHA
100 ## - MAIN ENTRY--AUTHOR NAME
Author name Shaw, Stanford J
245 ## - TITLE STATEMENT
Title History of the Ottoman Empire and Modern Turkey Vol.1
260 ## - PUBLICATION, DISTRIBUTION, ETC. (IMPRINT)
Place of publication Cambridge
Name of publisher Cambridge University Press
Year of publication 1976
300 ## - PHYSICAL DESCRIPTION
Number of Pages 351p
500 ## - GENERAL NOTE
General note includes index and biblioraphy
505 2# - FORMATTED CONTENTS NOTE
Formatted contents note Index
650 ## - SUBJECT ADDED ENTRY--TOPICAL TERM
Topical Term Turkey-History-Ottoman Empire
650 ## - SUBJECT ADDED ENTRY--TOPICAL TERM
Topical Term Turkey-History-1288-1918, 1918-1960
942 ## - ADDED ENTRY ELEMENTS (KOHA)
Koha item type Books
700 1# -
-- Shaw, Stanford J
Holdings
Collection code Home library Current library Date acquired Cost, normal purchase price Full call number Accession Number Koha item type
  Henry Martyn Institute Library Henry Martyn Institute Library 12/01/2009 1470.00 956.1 SHA 015168 Books
                   Copyright © 2026 | Henry Martyn Institute | Hyderabad | TS-500052 | INDIA | Implemented by hmi.edu.in
Hit-Count:

Powered by Koha